000 00367nam a2200145Ia 4500
005 20251222144744.0
008 251222s9999||||xx |||||||||||||| ||spa||
020 _a8488293194
082 _a869/C17
100 _aCalleja Carrasco, José Demetrio
245 0 _aObras Completas
250 _a1ra.ed.
264 _bInstitución de Estudios Complutenses
942 _cLIB
999 _c19095
_d19095